[Event "Pan American-ch School U13 12th"]
[Site "Callao"]
[Date "2023.10.20"]
[Round "8"]
[White "Alarcon Vega, Icker Aldair"]
[Black "Villaverde Salas, Gonzalo Matias"]
[Result "0-1"]
[WhiteElo "1536"]
[BlackElo "1281"]
[PlyCount "88"]
[EventDate "2023.10.16"]
[EventType "swiss"]
[EventRounds "9"]
[EventCountry "PER"]
[SourceTitle "Mega2024 Update 01"]
[Source "Chessbase"]
[SourceDate "2023.11.12"]
[SourceVersion "1"]
[SourceVersionDate "2023.11.12"]
[SourceQuality "1"]

1. e4 e5 2. Nf3 Nc6 3. Bb5 Bc5 4. c3 Nge7 5. 0-0 Bb6 6. d4 Ng6 7. Bxc6 dxc6 8. Nxe5 Nxe5 9. dxe5 Qe7 10. Bf4 g5 11. Bg3 h5 12. h3 h4 13. Bh2 g4 14. hxg4 Rg8 15. Kh1 Bxg4 16. f3 Rd8 17. Qe2 Be6 18. Nd2 Qg5 19. Nb3 Bc4 20. f4 Bxe2 21. fxg5 Bxf1 22. Rxf1 Rxg5 23. Bf4 Rh5 24. Kh2 c5 25. a4 c4 26. Nd2 c6 27. Nxc4 Bc7 28. Nd6+ Bxd6 29. exd6 Ra5 30. Kh3 Rxa4 31. e5 Re4 32. Kxh4 Kd7 33. Kg4 Re2 34. Rh1 Rg8+ 35. Kf5 Rexg2 36. b4 b6 37. Ra1 Ra8 38. Be3 a5 39. Bxb6 a4 40. Kf6 Rg3 41. Rf1 Rag8 42. Bd4 a3 43. Kf5 a2 44. Kf4 Ke6 0-1

[Event "South America-ch 1st"]
[Site "Lima"]
[Date "2023.09.16"]
[Round "3"]
[White "Pezo Flores, Ramiro Golber"]
[Black "Villaverde Salas, Gonzalo Matias"]
[Result "1-0"]
[WhiteElo "1515"]
[BlackElo "1251"]
[PlyCount "73"]
[EventDate "2023.09.14"]
[EventType "swiss"]
[EventRounds "9"]
[EventCountry "PER"]
[SourceTitle "EXT 2024"]
[Source "ChessBase"]
[SourceDate "2023.10.10"]
[SourceVersion "1"]
[SourceVersionDate "2023.10.10"]
[SourceQuality "1"]

1. e4 e5 2. f4 d6 3. Nf3 Nc6 4. Bc4 Bg4 5. c3 exf4 6. 0-0 Ne5 7. Be2 Qf6 8. d4 Nxf3+ 9. Bxf3 Bxf3 10. Qxf3 0-0-0 11. Bxf4 Qg6 12. Nd2 f6 13. Nc4 Ne7 14. Rae1 Nc6 15. b4 Qf7 16. Nd2 h6 17. a4 g5 18. Be3 Be7 19. a5 a6 20. b5 axb5 21. Qf5+ Rd7 22. Qxb5 Nb8 23. d5 c6 24. dxc6 bxc6 25. Qf5 Qh7 26. Qe6 Qg8 27. Qg4 h5 28. Qe2 c5 29. Rb1 Rb7 30. Rxb7 Kxb7 31. Qb5+ Kc7 32. a6 Qc8 33. Ra1 Nc6 34. Rb1 Qb8 35. Qa4 Qe8 36. Rb7+ Kd8 37. Nc4 1-0